000
00309nam a22001337a 4500
008
170127b xxu||||| |||| 00| 0 eng d
020
_a
9780071152716
041
_a
eng
080
_2
14TH
_a
61
100
_a
3
101
_a
SHM
245
_a
HARRISON'S PRINCIPLES OF INTERNAL MEDICINE
_c
FAUCI
942
_2
udc
_c
BK
999
_c
3833
_d
3833